000 00427pab a2200157 454500
008 180718b2015 xxu||||| |||| 00| 0 eng d
100 _aGhuman, Ranjit Singh
245 _aSwaminathan MSP: solution to agrarian crisis and farmer's distress?
260 _c2015
300 _ap.20-23.
362 _a15 Aug
650 _aFarmers
650 _aAgrarian structure
773 _aEconomic and Political Weekly
909 _a108945
999 _c108940
_d108940